000
00277nam a22001217a 4500
008
181224b xxu||||| |||| 00| 0 eng d
041
_a
eng
080
_a
510
100
_a
36
101
_a
MAT
245
_a
Insights Into Modern Mathematics
_c
Washington,D.C
942
_2
udc
_c
BK
999
_c
53743
_d
53743